| 000 | 00859nam a2200253Ia 4500 | ||
|---|---|---|---|
| 003 | OSt | ||
| 005 | 20220923215614.0 | ||
| 006 | a|||||r|||| 00| 0 | ||
| 007 | ta | ||
| 008 | 220922b |||||||| |||| 00| 0 hin d | ||
| 024 | _a180,209 | ||
| 037 | _cTextual | ||
| 040 |
_aARTS _cARTS _bhin |
||
| 041 |
_2hin _ahin |
||
| 082 | _aO152,1N01,35:g, N1 | ||
| 100 |
_aलतिकाबाई, आर0 _9162380 |
||
| 245 | 0 | _aलोकायतन और परवर्ती पन्तकाव्य | |
| 246 | _aLokāyatan aur paravartī pantakāvya | ||
| 260 |
_aदिल्ली _b सूर्य प्रकाशन _c1991 |
||
| 300 |
_a287 पृ. _ccm. |
||
| 650 |
_aहिन्दी साहित्य _9156264 |
||
| 942 |
_hO152,1N01,35:g, N1 _cTEXL _2CC |
||
| 999 |
_c333590 _d333590 |
||